Lecciones de cultura musical: tercer año, 6o. año de humanidades, adaptada a los actuales programas oficiales de los liceos

Saved in:
Bibliografiske detaljer
Hovedforfatter: Valencia Courbis, Pedro (Author)
Format: Bog
Sprog:spansk
Udgivet: Santiago Conservatorio Católico de Música y Declamación 1939
Serier:Biblioteca Cultura Musical, 5
Fag:
Tags: Tilføj Tag
Ingen Tags, Vær først til at tagge denne postø!

MARC

LEADER 00000nam a2200000 a 4500
001 UCN1147
003 CL-VaPUC
008 010420e19390000CL |||||||||||||||||spa|d
082 0 4 |a 372.87  |b VAL  |2 21 
100 0 |a Valencia Courbis, Pedro  |e author  |9 456570 
245 1 0 |a Lecciones de cultura musical: tercer año, 6o. año de humanidades, adaptada a los actuales programas oficiales de los liceos 
300 |a 110 p 
942 |c BK 
945 |d 20010420 00:00:00  |a crobeson 
260 |a Santiago  |b Conservatorio Católico de Música y Declamación  |c 1939 
650 0 |a Enseñanza de la música  |9 339802 
650 0 |a Educación musical   |9 310072 
650 7 |a MUSICA HISTORIA  |2 CL-VaPUC  |9 306301 
650 0 |a Teoría musical  |9 265760 
583 |a last modification  |c 20010420 00:00:00  |k Rodrigo Vera 
490 0 |a Biblioteca Cultura Musical, 5 
999 |c 294724  |d 294722 
952 |0 0  |1 0  |4 0  |6 372_870000000000000_VAL_1939  |7 0  |8 A  |9 347423  |a BIBEDU  |b BIBEDU  |d 2019-11-20  |i 1248553  |o 372.87 VAL 1939  |p 1248553  |r 2023-01-12  |w 2019-11-20  |y BK  |k MUS